zpět

Detail výsledku týmu

Klub Tyjátr, Svitavy

Datum a čas kvízu

25 Celkem bodů Celkový počet nahraných bodů na tomto kvízu bez doplňovacích otázek.
6. Pořadí na kvízu Konečné umístění týmu na tomto kvízu.

Zaznamenané odpovědi

# Otázka Odpověď Body Výsledky
1. Který muž jako teprve druhý Če... Jan Lipavský 1
2. Ve které zemi minulý týden pro... v Íránu 1
3. Pátý ročník festivalu Serial K... Brno 0
4. V pondělí rozhodl soud, že jed... Goodyear 0
5. Jedna bývalá česká sportovkyně... Gabriela Soukalová 1
6. Vítězné téma facebookového hla... C. Attlee, H. Truman, Stalin 0
7. Vyberte název prvního vesmírné... A 0
8. Jak se jmenoval tento muž a kt... Josip Tito, Jugoslávie 1
9. V roce 1988 došlo nad skotským... Muammar Kaddáfí 1
10. Seřaďte níže vypsané události... 1B 2C 3D 4A 0